00274 a2200121 4500001000700000020002200007040001100029100003700040240003200077245002700109300000700136362000900143195167 a978-85-368-2436-9 cMagnum aBellinghausen, Ingrid Biesemeyer10aUm mundinho para todoslpor10aUm mundinho para todos a240 a2019